• 首页
  • 本馆介绍
  • 公告通知
  • 最新文献
  • 馆藏检索
  • 电子资源
  • 读者导购
  • 参考咨询
  • 我的图书馆
  • 登录
  • 详细信息显示
  • 放入我的书架
  • 预约/预借图书
  • 作者相关作品
  • 分类相关作品
  • 丛书相关作品
  • 出版社相关作品

书目信息

  • 表格格式
  • 工作单格式
  • 卡片格式
题名:
龙虎镇
    
 
作者: 李延年 编
分册:  
出版信息: 合肥   安徽人民出版社  1980
页数: 165页
开本: 19cm
丛书名:
单 册:
中图分类: I239.07 , I247.4
科图分类:
主题词: 曲艺--中国--现代 , 小说--中国
电子资源:
ISBN:
000 00588nam0 2200229 45
001 1571116121
005 20150128080825.68
010    @dCNY0.35
100    @a19950531d1980 em y0chiy0121 ea
101 0  @achi
102    @aCN@b340000
105    @af z 000by
200 10 @a龙虎镇@Along hu zhen@e长篇曲艺@f李延年编
210    @a合肥@c安徽人民出版社@d1980
215    @a165页@c图@d19cm
606    @a曲艺@y中国@z现代
606 0  @a小说@x中国
690    @aI239.07@v3
690    @aI247.4@v4
701  0 @a李延年@Ali yan nian@4编
801  0 @aCN@bTSSF@c20150128
905    @aZUCC@dI247.4@eJY23
    
    龙虎镇:长篇曲艺/李延年编.-合肥:安徽人民出版社,1980
    165页:图;19cm
    
    
    ISBN :CNY0.35
    
●
相关链接 在E读中查询图书 在五车中查询图书 在当当中查询图书 在豆瓣中查询图书


正题名:龙虎镇     索取号:I247.4/JY23         预约/预借

序号 登录号 条形码 馆藏地/架位号 状态 备注
1 7855521   278555216   学院路分馆/ [索取号:I247.4/JY23] 在馆    
唐山师范学院图书馆 欢迎您!
大连网信软件有限公司© 版权所有